000
00327nam a22001457a 4500
020
_a
81-8482-494-7
082
_a
823
_b
PAI/K
100
_a
PAI, ANANT
245
_a
KOCHUNNI
260
_a
MUMBAI
_b
AMAR CHITHRA KATHA
300
_a
30
520
_a
ENGLISH SHORT STORIES
650
_a
ENGLISH SHORT STORIES
_z
MUMBAI
942
_c
BK
999
_c
5228
_d
5228